000 01046cab a2200277 4500
001 ABS47982
008 090401t1993 xxu||||| |||| 00| 0 eng d
035 _a(Sirsi) u64288
041 _aeng
100 _aKenny, J.
245 _aDusts and fibres
260 _c1993
350 _a0
490 _aCS Monthly
_bthe Building Surveyor
_v2(6) March 1993, 5-6(2)
520 _aCalls for careful consideration in the choice and use of materials which create dust or fibres, beyond the well-known example of asbestos, and alerts surveyors to the problems they may cause. Directs attention to HSE publications and lists some materials along with approved maximum exposure levels.
650 _aBUILT ENVIRONMENT-BUILDING MATERIALS
650 _aDUSTS AND FIBRES
650 _aHEALTH AND SAFETY
_96244
650 _aHEALTH HAZARDS
650 _aMENTOR
650 _aOCCUPATIONAL EXPOSURE LIMITS
690 _aBUILT ENVIRONMENT-BUILDING MATERIALS
690 _aBUILT ENVIRONMENT-BUILDING INSPECTION
942 _n0
948 _c04/03/1997
999 _c40032
_d40032